Flags of Europe's Autonomous Regions - Statistics

General Stats
  • This quiz has been taken 483 times
  • The average score is 15 of 24
Answer Stats
Picture Hint Answer % Correct
United Kingdom Scotland
97%
Spain Catalonia
94%
United Kingdom Isle of Man
93%
United Kingdom / Spain Gibraltar
91%
United Kingdom Wales
91%
Denmark Faroe Islands
87%
Italy Sicily
85%
Finland Åland
83%
France Corsica
81%
Russia / Ukraine Crimea
80%
Belgium Flanders
80%
Italy Sardinia
80%
Belgium Wallonia
73%
Spain Basque Country
62%
Portugal Azores
58%
Spain Galicia
56%
Bosnia & Herzegoniva Republika Srpska
47%
Russia Chechnya
46%
Serbia Vojvodina
40%
Russia Tatarstan
35%
Moldova Gagauzia
29%
Russia Karelia
28%
Italy Aosta Valley
22%
Italy Trentino-South Tyrol
7%
No matching quizzes found
Score Distribution
Percent of People with Each Score
Percentile by Number Answered
Your Score History
You have not taken this quiz